| 000 | 00619nam a2200217 u 4500 | ||
|---|---|---|---|
| 005 | 20240228064225.0 | ||
| 008 | 151117s2011 r 000 0 eng d | ||
| 020 | _a9786072402676 | ||
| 035 | _aUPN01000206882 | ||
| 049 | _aI | ||
| 050 | 4 |
_aPZ7 _bR6.9 |
|
| 100 | 1 |
_aRoss, Tony _932982 |
|
| 245 | 1 | 0 |
_aYo quiero ser / _ctexto e il. Tony Ross ; tr. de Isabel Cano. |
| 260 |
_aMéxico : _bSM, _c2011. |
||
| 300 |
_a26 p. : _bil. |
||
| 440 | 0 | _aEl barco de vapor | |
| 440 | 0 |
_aLos piratas ; _v19 M |
|
| 650 | 0 |
_aLiteratura infantil inglesa _911046 |
|
| 650 | 4 |
_aLibros y lectura para niños _92290 |
|
| 905 | _aInfantil | ||
| 999 |
_c178983 _d178983 |
||